The page turner : a novel /

Uloženo v:
Podrobná bibliografie
Hlavní autor: Leavitt, David (Autor)
Médium: Kniha
Jazyk:angličtina
Vydáno: Boston ; New York : Houghton Mifflin Company, c1998
Tagy: Přidat tag
Žádné tagy, Buďte první, kdo vytvoří štítek k tomuto záznamu!

MARC

LEADER 00000nam a22000007i 4500
001 IT\ICCU\UBO\2258064
003 ItRI
005 20260115231817.0
008 030728s1998 xxu|||||| ||||| |||||c
020 |a 039575285X 
040 |b ita  |c importazione bologna sebina 
041 7 |a eng  |2 ISO-639-2 
100 1 |a Leavitt, David  |0 IT\ICCU\CFIV\008092  |4 aut 
245 1 4 |a The page turner :  |b a novel /  |c by David Leavitt. 
260 |a Boston ;  |a New York :  |b Houghton Mifflin Company,  |c c1998 
300 |a 244 p. ;  |c 22 cm. 
942 |2 ddc  |c BK  |n 0 
952 |0 0  |1 0  |4 0  |6 DOC_813_540000000000000_LEA  |7 0  |9 13197  |a BO  |b BO  |d 2026-01-15  |i 7549  |l 0  |o DOC 813.54 LEA  |p BO7549  |r 2026-01-15 23:18:17  |w 2026-01-15  |x [Sebina 5] [1 v.]  |y BK  |z 1 v. 
999 |c 11322  |d 11322